Quizzes
Events
Quiz Creation
Community
Videos
Private Events
Remove Ads
Sign In
Join for FREE
Feedback
Dark Mode
Quiz Categories
Sports
Geography
Music
Movies
Television
Just For Fun
Miscellaneous
History
Literature
Language
Science
Gaming
Entertainment
Religion
Holiday
For Kids
Quiz Lab
Recent
Popular Today
Quiz Kudos Today
Editor Picks
Curator Picks
Quizzes by...
Day
Popularity
Type
Ratings
Length
Year
Community
Subscriptions
Recent Discussions
Orange Saloon
Badges
Playlists
Quests
Create
Leaderboards
Showdown
Live 5
Trivia Bingo
Activity
Puzzle Library
Sporcle Events
Private Events
Virtual Trivia
Globe League
Become a Host
Pub Owners
SporcleCon
Opinionation
Our Games
Videos
Blog
Mobile Apps
Partnerships
Remove Ads and Go Orange
Feedback
Sports
Athletes
MLB
NBA
NHL
NFL
Soccer
Sports Teams
WWE
NCAA
Football
Premier League
Basketball
Baseball
Hockey
Golf
Tennis
Cricket
Rugby
Auto Racing
Olympics
World Cup
Sports
Athletes
MLB
NBA
NHL
NFL
Soccer
Sports Teams
WWE
NCAA
Football
Premier League
Basketball
Baseball
Hockey
Golf
Tennis
Cricket
Rugby
Auto Racing
Olympics
World Cup
Random Quiz
Search Sporcle
×
Quiz Lab
Quiz Lab
Sports
Baseball
Type in answers that appear in a list
Type in answers that appear in a list
Classic
Best Score? Go Orange.
Red Sox Home Runs of the 1970s Stats
Can you name the players (including pitchers) who hit home runs for the Red Sox from 1970 to 1979?
By
MaxCanning
18m
66 Questions
615 Plays
615 Plays
615 Plays
Comments
Comments
Give Quiz Kudos
Give Quiz Kudos
-
- Ratings
hide this ad
Replay
Link that replays current quiz
Next Quiz
Link to next quiz in quiz playlist
You Got
0%
They Got
Avg Score
40%
Avg Friend Score
Upgrade to see
Score Distribution
Jump to the score distribution portion of the page
Score
0/66
Timer
18:00
0
Plays Today
Home Runs
Player
% Correct
202
Carl Yastrzemski
99%
172
Jim Rice
98.7%
144
Carlton Fisk
97.2%
112
Fred Lynn
96.7%
110
Dwight Evans
96.1%
89
George Scott
89.1%
110
Rico Petrocelli
88%
94
Reggie Smith
85%
83
Butch Hobson
84.7%
36
Rick Burleson
82.3%
2
Jerry Remy
78.7%
45
Bernie Carbo
76.1%
40
Tony Conigliaro
76.1%
30
Billy Conigliaro
75.8%
40
Cecil Cooper
74.8%
6
Denny Doyle
68.1%
29
Bob Montgomery
65.2%
1
BIll Lee
62.4%
1
Deron Johnson
61%
16
Rick Miller
59.5%
7
Luis Aparicio
54.1%
23
Orlando Cepeda
51.1%
38
Tommy Harper
50.9%
20
Mike Andrews
49.1%
7
Doug Griffin
47%
8
Juan Beniquez
45.4%
1
Jim Lonborg
45.4%
3
Gary Allenson
40.3%
15
Danny Cater
39.3%
10
Ben Oglivie
37.4%
13
Bob Watson
35.9%
2
Jack Brohamer
34.6%
4
Bob Bailey
32.4%
Home Runs
Player
% Correct
2
George Thomas
31.4%
7
Sonny Siebert
30.2%
4
Gary Peters
27.3%
11
Duane Josephson
26.8%
17
Joe Lahoud
26.7%
2
Ken Brett
24.6%
13
John Kennedy
22.9%
2
Marty Pattin
22.6%
1
Ted Cox
19.8%
2
Jim Dwyer
19.2%
1
Stan Papi
18.2%
6
Jerry Moses
17.2%
5
Dick McAuliffe
16.7%
2
Steve Dillar
16.7%
3
Bobby Darwin
15.6%
2
Tom Poquette
15.4%
1
Luis Alvarado
14.8%
1
Tommy Helms
14.6%
1
Jack Baker
13.5%
3
Larry Wolfe
13%
1
Ted Sizemore
12.4%
1
Ernie Whitt
11.2%
1
Mike Fiore
10.2%
1
Sam Bowen
10.1%
1
Ken Tatum
10.1%
1
Mike O'Berry
8.6%
3
Tom Satriano
8.1%
1
Terry Hughes
7.3%
1
Don Pavletich
7.3%
1
Vicente Romo
6.7%
1
Dick Schofield
6.5%
2
Bob Burda
5.4%
3
Andy Kosco
4.7%
Quiz Playlist
Details
Report
Send in Message
Add To Playlist
Classic:
Type in answers that appear in a list
Last Updated: Feb 16, 2017
Quiz Scoreboard
CHALLENGE
Sign Up to Join the Scoreboard
Show All
Scores
Hide
Comments
May contain spoilers
Recently Published
9x9 Crossword: Cartoon Network
by jackfrog10
Miscellaneous
3m
College Basketball Coaching Resumes
by pancakes188
Sports
9m
Billboard Blitz: Fleetwood Mac
by CooCooCachoo
Music
15s
More to Explore
Quiz From the Vault
Featured Blog Post
Where Did the Easter Bunny Come From?
hide this ad
You Might Also Like...
Tags
Baseball Quiz
MLB Quiz
1970s
1979
hit
home
Pitchers
Player
Red
run
Today's Top Quizzes in Sports
Browse Sports
hide this ad
Today's Top Quizzes in Baseball
Browse Baseball
Top Contributed Quizzes in Sports
1
2022 World Cup Stars
2
Les meilleurs buteurs des matchs entre le PSG et l’OM
3
FIFA Club World Cup Champions
4
Les entraîneurs de l'OM et du PSG au 21e siècle
5
Criteria MLB: Left Handed Sluggers
6
AFC Teams Reveal (Wrong Answers Minefield)
7
2023 MLB Unique Player Accomplishments
8
5-to-1: FBS Animal Nicknames
9
Players with Multiple 50 Home Run Seasons
10
5-to-1: UK Sports Teams
Explore More
Trending Topics
Disney
NBA
Crossword
Anime
Harry Potter
Kpop
Marvel
Song
Soccer
Country
The Office
WWE
Pokémon
NFL
Puzzle
hide this ad
More By:
MaxCanning
Quiz
Plays
Rating
Category
Featured
Created
Red Sox 30 Homer Seasons
2,973
4.14
Sports
Oct 4, 2009
U.S. Supreme Court Justices (All)
979
4.08
History
Sep 27, 2009
Red Sox Home Runs of the 2000s
977
4.33
Sports
Dec 12, 2009
American League Batting Champions
908
3.90
Sports
Sep 26, 2009
MLB Games Played Franchise Leaders
795
4.38
Sports
Aug 12, 2011
Go to Creator's Profile
Score Distribution
Quiz Creator Spotlight
MaxCanning
Follow
Send a Message
Quizzes Created
-
Created Quiz Play Count
-
More By This Creator
Popular Quizzes Today
1
Find the US States - No Outlines Minefield
2
Find the Countries of Europe - No Outlines Minefield
3
The Countries of the World
4
Find the US States
5
Risky Map Clicking: Biggest States A-Z
6
US States
7
Popular People in 1961
8
Movies - When Are They Set?
More Sports Quizzes
No Pro Sports Bordering States
Published
Trending Quizzes
Risky Map Clicking: Least Populous States A-Z
1-10 Letter G Words
1-10 Letter F Words
Risky Map Clicking: Next State Alphabetically
Adjectives in 80s TV Shows
Recently Updated
Leaping Animals
pecheneg
Reality TV Shows (A-Z)
bhenderson79
Rickey Henderson's Hall of Fame Teammates
pecheneg
Champions League XIs: Arsenal
pecheneg
Quick Pick: Celebrities in WWE's Hall of Fame
aduchscher
A-Z Keypad Blitz II
pecheneg
Multiple Oscar Actors
pecheneg
Mystery Phrase Blitz: Oscar 'Best Actors'
pecheneg
F. Scott Fitzgerald Novels
LTH
Pick 3 Villains
ddd62291
Trending Topics
Harry Potter
Disney
Anime
Crossword
Marvel
NBA
Kpop
Country
Song
Pokémon
Soccer
WWE
NFL
Puzzle
The Office
Your Account Isn't Verified!
In order to create a playlist on Sporcle, you need to verify the email address you used during registration. Go to your
Sporcle Settings
to finish the process.
Report this User
Report this user for behavior that violates our
Community Guidelines
.
Details:
Send Report
Go to the Sporcle.com Mobile Site →
Comments